00897cam a22002411 4500001001300000003000400013005001700017008004100034010001700075035002000092040001700112042001200129050002500141100006100166245014700227260003800374300002400412500004800436630006000484700007200544752002200616999001700638he 68003788 DLC20260227111506.0821222s1966 is 000 0 heb  ahe 68003788  a(OCoLC)19160131 aDLCcMHdDLC apremarc00aBS1225b.A26825 19660 aAbraham ben Elijah,cof Vilna,dapproximately 1750-1808.10aTirgem Avraham :bʻal Targum Onḳelos. Ḳunṭres Shesh moshzar :bʻal ezeh targumim /cme-et Shelomoh Zalman ben Yitsḥaḳ me-Ṿilna. aJerusalem :bY.A. Landa,c[1966?] a25 leaves ;c23 cm. aPhoto-offset of Jerusalem, 1895 or 1896 ed.00aBible.pPentateuch.lAramaic.sOnḳelosxCommentaries.0 aSolomon Zalman ben Isaac,cof Volozhin,d1756-1788.tShesh moshzar. aIsraeldJerusalem c33980d33980